[Event "Titled Tue 24th Jun Early"]
[Site "chess.com INT"]
[Date "2025.06.24"]
[Round "6"]
[White "Logachiov, Aleksandr"]
[Black "Zdorov, Egor Vit"]
[Result "1/2-1/2"]
[WhiteTitle "CM"]
[BlackTitle "CM"]
[WhiteElo "2129"]
[BlackElo "2101"]
[WhiteFideId "24123706"]
[BlackFideId "55688560"]
[EventDate "2025.06.24"]

1. d4 Nf6 2. Bg5 Ne4 3. Bf4 d5 4. e3 Bf5 5. Bd3 Bg6 6. Nd2 Nxd2 7. Qxd2 e6 8.
Nf3 Bxd3 9. Qxd3 c5 10. O-O Nc6 11. Qb5 Qb6 12. Qxb6 axb6 13. Ne5 cxd4 14. Nxc6
bxc6 15. exd4 Kd7 16. b3 Ba3 17. Bc1 Bxc1 18. Rfxc1 Ra3 19. Rcb1 Rha8 20. Rb2 c5
21. c3 cxd4 22. cxd4 Rc8 23. Kf1 f6 24. f4 b5 25. Ke2 b4 26. Kd2 e5 27. fxe5
fxe5 28. dxe5 Ke6 29. Rc1 Rxc1 30. Kxc1 Kxe5 31. Kd2 Ra7 32. Kd3 Rc7 33. Re2+
Kd6 34. Kd4 Rc1 35. a4 bxa3 36. Ra2 Rd1+ 37. Kc3 Kc5 38. Rxa3 d4+ 39. Kc2 Rg1
40. Ra5+ Kb4 41. Ra4+ Kb5 42. Rxd4 Rxg2+ 43. Rd2 Rg5 44. Kc3 Rh5 45. Rg2 g6 46.
Rf2 Rh3+ 47. Kb2 h6 48. Rg2 g5 49. Re2 Rf3 50. Rg2 Kb4 51. Rg4+ Kb5 52. Rg2 Rh3
53. Kc2 Kc5 54. Kb2 Rf3 55. Kc2 Rf4 56. Kc3 Kb5 57. Rg3 g4 58. Rd3 Rf2 59. Rd2
Rf3+ 60. Rd3 Rf1 61. Rd5+ Kc6 62. Rh5 Rf3+ 63. Kc4 Rf4+ 64. Kc3 Rf6 65. b4 Kb6
66. Kc4 Rg6 67. Rb5+ Ka6 68. Rh5 Rf6 69. Kc5 Kb7 70. b5 Rg6 71. Rf5 g3 72. hxg3
Rxg3 73. Rf7+ Kb8 74. Kb6 Rg6+ 75. Ka5 h5 76. Rh7 Rg8 77. Rxh5 Rf8 78. Rh7 Rg8
79. Ka6 Rf8 80. Rb7+ Ka8 81. Ra7+ Kb8 82. Rb7+ Ka8 83. Rc7 Kb8 84. Rc6 Rg8 85.
Re6 Rf8 86. Re7 Rg8 87. Re6 Rf8 88. Rb6+ Ka8 89. Rd6 Kb8 90. b6 Ka8 91. b7+ Kb8
92. Rc6 Re8 93. Kb6 Rf8 94. Rd6 Rf6 95. Rxf6 1/2-1/2

[Event "Titled Tue 24th Jun Early"]
[Site "chess.com INT"]
[Date "2025.06.24"]
[Round "6"]
[White "Tikhonov, Viacheslav"]
[Black "Moreira, Ronaldo Alonso"]
[Result "1-0"]
[WhiteTitle "CM"]
[WhiteElo "2183"]
[BlackElo "2094"]
[WhiteFideId "44196407"]
[BlackFideId "2110547"]
[EventDate "2025.06.24"]

1. e4 e6 2. d4 d5 3. Nc3 Nf6 4. Bg5 dxe4 5. Nxe4 Be7 6. Nxf6+ Bxf6 7. Bxf6 Qxf6
8. Nf3 c5 9. Qd3 Nc6 10. O-O-O cxd4 11. Nxd4 Qxd4 12. Qxd4 Nxd4 13. Rxd4 Ke7 14.
Be2 Rd8 15. Rxd8 Kxd8 16. Rd1+ Ke7 17. Bf3 Rb8 18. Rd4 Bd7 19. Rh4 h6 20. Rg4 g6
21. Rh4 h5 22. Rb4 b6 23. h4 Rc8 24. g3 Bc6 25. Rc4 Kd7 26. Be2 Bd5 27. Rxc8
Kxc8 28. a3 Kc7 29. Kd2 Kd6 30. Ke3 Ke5 31. Bb5 Bb7 32. Be8 Kf6 33. Kd4 Ke7 34.
Bb5 Bf3 35. Ke3 Bd1 36. c3 Bc2 37. Bc4 Kd6 38. Kd4 Bf5 39. Bb5 e5+ 40. Ke3 Be6
41. Be8 Ke7 42. Bb5 Kd6 43. Be2 Bd5 44. Bd1 Bc4 45. Ba4 Be6 46. Bb5 Bd5 47. Kd3
Be6 48. Ba6 Bd5 49. c4 Bf3 50. Ke3 Bc6 51. b4 Bg2 52. f4 Ba8 53. Bb5 Ke6 54. Be8
Ke7 55. Bb5 Ke6 56. Ba6 Bg2 57. Bc8+ Kd6 58. fxe5+ Kxe5 59. c5 bxc5 60. bxc5 Bc6
61. Kd3 Kd5 62. Ba6 Kxc5 63. Ke3 Bd5 64. Bc8 Kb5 65. Kd4 Bb3 66. Bd7+ Kb6 67.
Ke5 Kc7 68. Be8 Kd8 69. Bb5 Ke7 70. Bd3 f6+ 71. Kd4 Bf7 72. Kc5 Kd7 73. Bb5+ Kc7
74. Bd3 g5 75. Bf5 gxh4 76. gxh4 Be8 77. Kd5 Bf7+ 78. Kc5 Be8 79. Be4 Bf7 80.
Bd3 Be8 81. Bc2 Bf7 82. Bb1 Be8 83. Ba2 Bg6 84. Bd5 Be8 85. Bf3 Bg6 86. Bd5 Be8
87. Be4 Bf7 88. Bh7 Be8 89. Kd5 Bf7+ 90. Ke4 Kd6 91. Kf5 Be8 92. Kxf6 Kc5 93.
Kg5 Kb5 94. Bg6 Bd7 95. Bc2 Be8 96. Bd1 Kc5 97. Bxh5 Bd7 98. Bd1 Be8 99. Kf6 Bd7
100. h5 Bc6 101. h6 Be4 102. Kg7 Kb5 103. a4+ Ka5 104. h7 Bxh7 105. Kxh7 Kb4
106. Kg6 Kc3 107. Kf5 Kd2 108. Bh5 Kc3 109. Be8 Kb4 110. Ke5 Kc5 111. Ke4 a5
112. Kd3 Kb4 113. Kd4 Ka3 114. Kc5 Kb3 115. Kb5 1-0

[Event "Titled Tue 24th Jun Early"]
[Site "chess.com INT"]
[Date "2025.06.24"]
[Round "7"]
[White "Essing, Arnold"]
[Black "Filippova, Margarita"]
[Result "1-0"]
[WhiteTitle "FM"]
[BlackTitle "WFM"]
[WhiteElo "2197"]
[BlackElo "2026"]
[WhiteFideId "4619862"]
[BlackFideId "34199680"]
[EventDate "2025.06.24"]

1. d4 d5 2. Nf3 Nf6 3. c4 dxc4 4. Nc3 a6 5. e3 c5 6. Bxc4 e6 7. O-O Nc6 8. Qe2
cxd4 9. Rd1 Bc5 10. exd4 Nxd4 11. Nxd4 Bxd4 12. Be3 Bb6 13. Rxd8+ Bxd8 1-0

[Event "Titled Tue 24th Jun Early"]
[Site "chess.com INT"]
[Date "2025.06.24"]
[Round "7"]
[White "Klys, Kacper"]
[Black "King, Alexander"]
[Result "0-1"]
[WhiteTitle "CM"]
[BlackTitle "FM"]
[WhiteElo "2218"]
[BlackElo "2263"]
[WhiteFideId "21005281"]
[BlackFideId "2063620"]
[EventDate "2025.06.24"]

1. e4 e6 2. d4 d5 3. Nc3 Bb4 4. e5 c5 5. a3 Bxc3+ 6. bxc3 Ne7 7. Nf3 b6 8. h4
Ba6 9. Bxa6 Nxa6 10. Qe2 Nb8 11. h5 h6 12. a4 Qc8 13. Ba3 cxd4 14. cxd4 Qc3+ 0-1

[Event "Titled Tue 24th Jun Early"]
[Site "chess.com INT"]
[Date "2025.06.24"]
[Round "7"]
[White "Murawski, Jan"]
[Black "Chylewski, Patryk"]
[Result "0-1"]
[WhiteTitle "CM"]
[BlackTitle "IM"]
[WhiteElo "2164"]
[BlackElo "2313"]
[WhiteFideId "21009287"]
[BlackFideId "1186191"]
[EventDate "2025.06.24"]

1. c4 c5 2. Nf3 Nc6 3. d4 cxd4 4. Nxd4 g6 5. g3 Bg7 6. Nxc6 bxc6 7. Bg2 Nf6 8.
O-O O-O 9. Nc3 Rb8 10. b3 Qc7 11. Bb2 d6 12. Rc1 Rd8 13. Qc2 Bf5 14. Ne4 Nxe4
15. Bxg7 Nxg3 16. Qb2 Nxe2+ 17. Kh1 Nxc1 18. Bh6 f6 0-1

[Event "Titled Tue 24th Jun Early"]
[Site "chess.com INT"]
[Date "2025.06.24"]
[Round "7"]
[White "Chernov, Alexander A."]
[Black "Bozorov, Javohir"]
[Result "1-0"]
[WhiteTitle "FM"]
[BlackTitle "FM"]
[WhiteElo "2314"]
[BlackElo "2039"]
[WhiteFideId "4152492"]
[BlackFideId "14216957"]
[EventDate "2025.06.24"]

1. d4 Nf6 2. Nc3 a6 3. Bg5 e6 4. e4 Be7 5. Nf3 d5 6. e5 Nfd7 7. h4 b5 8. Ne2 Bb7
9. c3 c5 10. Nf4 Nc6 11. Bd3 c4 12. Bc2 b4 13. Nh5 Kf8 14. Rh3 h6 15. Bd2 g6 16.
Nf4 a5 17. Bxg6 fxg6 18. Nxe6+ Kf7 19. Nxd8+ Rhxd8 20. Bxh6 1-0

[Event "Titled Tue 24th Jun Early"]
[Site "chess.com INT"]
[Date "2025.06.24"]
[Round "7"]
[White "Tsiolakidis, Anastasios"]
[Black "Jahnz, Laurin"]
[Result "0-1"]
[WhiteTitle "FM"]
[BlackTitle "CM"]
[WhiteElo "2298"]
[BlackElo "2221"]
[WhiteFideId "4201477"]
[BlackFideId "16261089"]
[EventDate "2025.06.24"]

1. e4 c5 2. Nf3 Nc6 3. d4 cxd4 4. Nxd4 Nf6 5. Nc3 e5 6. Ndb5 d6 7. Nd5 Nxd5 8.
exd5 Nb8 9. f4 a6 10. Nc3 Be7 11. Bd3 O-O 12. O-O f5 13. Be3 Nd7 14. a4 Bf6 15.
Bc4 b6 16. Qf3 Kh8 17. Rad1 exf4 18. Bxf4 Ne5 19. Bxe5 Bxe5 20. Rd3 Qh4 21. Ne4
Bxh2+ 22. Kh1 Bg3+ 23. Kg1 Qh2# 0-1

[Event "Titled Tue 24th Jun Early"]
[Site "chess.com INT"]
[Date "2025.06.24"]
[Round "7"]
[White "Beniosev, Daniel"]
[Black "Garde, Guillaume"]
[Result "1-0"]
[WhiteTitle "CM"]
[BlackTitle "CM"]
[WhiteElo "1959"]
[BlackElo "2211"]
[WhiteFideId "11632674"]
[BlackFideId "45138273"]
[EventDate "2025.06.24"]

1. e4 c6 2. d4 d5 3. exd5 cxd5 4. Bd3 Nc6 5. c3 Nf6 6. h3 e6 7. Nf3 Bd6 8. O-O
h6 9. Re1 O-O 10. Ne5 Bxe5 11. dxe5 Nd7 12. f4 b6 13. Be3 Nc5 14. Bf1 Ba6 15.
Bxc5 Bxf1 16. Bxf8 Bxg2 17. Bxg7 Bxh3 18. Bf6 Qf8 19. Kh2 Kh7 20. Kxh3 Ne7 21.
Bxe7 Qxe7 22. Rg1 f6 23. Qh5 1-0

[Event "Titled Tue 24th Jun Early"]
[Site "chess.com INT"]
[Date "2025.06.24"]
[Round "7"]
[White "Pranav K P"]
[Black "Keatinge-Clay, Adrian"]
[Result "1-0"]
[WhiteTitle "FM"]
[BlackTitle "FM"]
[WhiteElo "2276"]
[BlackElo "2232"]
[WhiteFideId "25685805"]
[BlackFideId "2011867"]
[EventDate "2025.06.24"]

1. d4 Nf6 2. f4 d5 3. e3 Bf5 4. Nf3 h6 5. Bd3 Bxd3 6. Qxd3 Nbd7 7. Nbd2 c5 8. c3
Qc7 9. O-O cxd4 10. exd4 Qxf4 11. Ne5 Qh4 12. Ndf3 Qh5 13. Qb5 O-O-O 14. Qa5 a6
15. Bf4 g5 16. Nxf7 gxf4 17. Qxd8# 1-0

[Event "Titled Tue 24th Jun Early"]
[Site "chess.com INT"]
[Date "2025.06.24"]
[Round "7"]
[White "Ganichev, Alexander"]
[Black "Zmijanac, Dusko"]
[Result "1-0"]
[WhiteTitle "FM"]
[BlackTitle "FM"]
[WhiteElo "2241"]
[BlackElo "2007"]
[WhiteFideId "24143944"]
[BlackFideId "908762"]
[EventDate "2025.06.24"]

1. e4 Nf6 2. Nc3 d5 3. exd5 Nxd5 4. Bc4 Nb6 5. Bb3 Nc6 6. h3 Bf5 7. d3 e6 8. Nf3
Be7 9. O-O O-O 10. Bf4 a5 11. a3 a4 12. Ba2 Bg6 13. Nb5 Bd6 14. Nxd6 cxd6 15. c3
Rc8 16. Be3 d5 17. Rc1 Nd7 18. Qxa4 Bxd3 19. Rfd1 b5 20. Qg4 Bf5 21. Qg3 Nf6 22.
Nd4 Nxd4 23. Bxd4 Ne4 24. Qxg7# 1-0

[Event "Titled Tue 24th Jun Early"]
[Site "chess.com INT"]
[Date "2025.06.24"]
[Round "7"]
[White "Sarveshwaran V"]
[Black "Pastor Carvajal, Jeigoth"]
[Result "1-0"]
[WhiteTitle "CM"]
[BlackTitle "CM"]
[WhiteElo "2290"]
[BlackElo "2051"]
[WhiteFideId "25699016"]
[BlackFideId "6516718"]
[EventDate "2025.06.24"]

1. e4 e6 2. Nf3 d5 3. exd5 exd5 4. d4 Nf6 5. Be2 Bd6 6. O-O O-O 7. Re1 c6 8. c3
Bg4 9. Nbd2 Nbd7 10. Nf1 Ne4 11. Ng3 Nxg3 12. hxg3 Qc7 13. Be3 a5 14. Nh4 Bxe2
15. Qxe2 g6 16. Bh6 Rfe8 17. Qxe8+ Rxe8 18. Rxe8+ Nf8 19. Rae1 Qd7 20. Ra8 f5
21. Bxf8 Bxf8 22. Ree8 a4 23. Rxf8+ Kg7 24. Rfd8 Qe7 25. Re8 Qg5 26. Kh2 Qc1 27.
Re7+ Kf6 28. Rxb7 a3 29. Rxa3 g5 30. Nf3 g4 31. Nh4 Qf1 32. Raa7 Qxf2 33. Rf7+
Ke6 34. Rae7+ Kd6 35. Nxf5+ 1-0

[Event "Titled Tue 24th Jun Early"]
[Site "chess.com INT"]
[Date "2025.06.24"]
[Round "7"]
[White "Rojas Alarcon, Julian Antonio"]
[Black "Donoso Aguirre, Maximiliano"]
[Result "1-0"]
[WhiteTitle "FM"]
[BlackTitle "CM"]
[WhiteElo "2365"]
[BlackElo "2050"]
[WhiteFideId "5107407"]
[BlackFideId "3458920"]
[EventDate "2025.06.24"]

1. e4 e5 2. Nf3 Nc6 3. Bc4 Bc5 4. c3 Nf6 5. d3 a6 6. O-O d6 7. Nbd2 Ba7 8. b4 h6
9. Re1 O-O 10. Nf1 Re8 11. Be3 Be6 12. Qb3 d5 13. exd5 Bxd5 14. Bxa7 Rxa7 15.
Ne3 Bxc4 16. dxc4 Ra8 17. Rad1 Qe7 18. Nd5 Nxd5 19. cxd5 Na7 20. Rxe5 Qf6 21.
Rde1 Rxe5 22. Rxe5 Rd8 23. h3 Nb5 24. a4 Nd6 25. c4 Qf4 26. c5 Nf5 27. g3 Qc1+
28. Re1 Qxe1+ 29. Nxe1 1-0

[Event "Titled Tue 24th Jun Early"]
[Site "chess.com INT"]
[Date "2025.06.24"]
[Round "7"]
[White "Aradhya, Garg"]
[Black "Carlsen, Magnus"]
[Result "0-1"]
[WhiteTitle "IM"]
[BlackTitle "GM"]
[WhiteElo "2370"]
[BlackElo "2837"]
[WhiteFideId "25006746"]
[BlackFideId "1503014"]
[EventDate "2025.06.24"]

1. d4 g6 2. c4 Bg7 3. Nf3 d6 4. Nc3 Nc6 5. d5 Ne5 6. Nxe5 Bxe5 7. e4 Nf6 8. Bd3
Nd7 9. Bh6 Bxc3+ 10. bxc3 e5 11. O-O Qh4 12. Qd2 f6 13. Bc2 g5 14. f4 Qxh6 15.
fxe5 fxe5 16. Rf3 Rf8 17. Rh3 Qg7 18. Rg3 h6 19. h4 Nf6 20. hxg5 Nh5 21. Ba4+
Ke7 22. Re3 Qxg5 23. c5 Nf4 24. cxd6+ cxd6 25. c4 Nh3+ 26. Kh2 Rf2 0-1

[Event "Titled Tue 24th Jun Early"]
[Site "chess.com INT"]
[Date "2025.06.24"]
[Round "7"]
[White "Beyer, Lorenz"]
[Black "Delorme, Axel"]
[Result "0-1"]
[WhiteTitle "CM"]
[BlackTitle "GM"]
[WhiteElo "2226"]
[BlackElo "2475"]
[WhiteFideId "16245393"]
[BlackFideId "632023"]
[EventDate "2025.06.24"]

1. d4 d5 2. Bf4 c5 3. e3 cxd4 4. exd4 Nc6 5. c3 f6 6. Nf3 g5 7. Bg3 h5 8. h3 Nh6
9. Bd3 Bf5 10. Qc2 e6 11. Nbd2 Qd7 12. O-O-O Be7 13. Rhe1 Nb4 14. cxb4 Rc8 15.
Nc4 Rxc4 16. Bxc4 Bxc2 17. Kxc2 dxc4 18. d5 exd5 19. Nd4 Nf5 20. Nxf5 Qxf5+ 21.
Kc1 Kf7 22. a3 h4 23. Bh2 0-1

[Event "Titled Tue 24th Jun Early"]
[Site "chess.com INT"]
[Date "2025.06.24"]
[Round "7"]
[White "Teterev, Vitaly"]
[Black "Sapocinic, Semion"]
[Result "1-0"]
[WhiteTitle "GM"]
[BlackTitle "FM"]
[WhiteElo "2248"]
[BlackElo "2296"]
[WhiteFideId "13501429"]
[BlackFideId "13908693"]
[EventDate "2025.06.24"]

1. e4 e5 2. Nf3 Nf6 3. d4 Nxe4 4. Bd3 d5 5. Nxe5 Nd7 6. Nc3 Nxc3 7. bxc3 Nxe5 8.
dxe5 Bc5 9. O-O O-O 10. Qh5 g6 11. Qh6 Re8 12. Re1 Bf8 13. Qg5 Qxg5 14. Bxg5 c6
15. f4 Bd7 16. Rab1 b6 17. h3 Be6 18. g4 Bc5+ 19. Kg2 d4 20. c4 b5 21. cxb5 Bxa2
22. bxc6 Bxb1 23. Rxb1 a5 24. Rb7 a4 25. Bc4 a3 26. Bxf7+ Kh8 27. Bf6# 1-0

[Event "Titled Tue 24th Jun Early"]
[Site "chess.com INT"]
[Date "2025.06.24"]
[Round "7"]
[White "Dyulgerov, Volen"]
[Black "Viskelis, Darius"]
[Result "0-1"]
[WhiteTitle "CM"]
[BlackTitle "FM"]
[WhiteElo "2200"]
[BlackElo "2170"]
[WhiteFideId "2918978"]
[BlackFideId "12800830"]
[EventDate "2025.06.24"]

1. e4 c5 2. d4 cxd4 3. c3 e6 4. cxd4 d5 5. e5 Nc6 6. Nf3 Bd7 7. Bd3 Qb6 8. Nbd2
Nxd4 9. Nxd4 Qxd4 10. Nf3 Bb4+ 11. Ke2 Qb6 12. a3 Bc5 13. b4 Bxf2 14. Rf1 Bd4 0-1

[Event "Titled Tue 24th Jun Early"]
[Site "chess.com INT"]
[Date "2025.06.24"]
[Round "7"]
[White "Kjaergaard-Jensen, Jesper"]
[Black "Estrada Nieto, Julian"]
[Result "1-0"]
[WhiteTitle "CM"]
[BlackTitle "IM"]
[WhiteElo "2081"]
[BlackElo "2181"]
[WhiteFideId "1406990"]
[BlackFideId "5101018"]
[EventDate "2025.06.24"]

1. d4 d5 2. Nf3 Nf6 3. c3 c6 4. Bg5 Bf5 5. Nbd2 Nbd7 6. Nh4 Be6 7. g3 h6 8. Bxf6
Nxf6 9. Bg2 Qb6 10. b4 a5 11. a3 g6 12. Nb3 axb4 13. axb4 Qd8 14. Nc5 Rxa1 15.
Qxa1 Bc8 16. Qa7 b6 17. Nd3 Bg7 18. Ne5 Bd7 19. O-O O-O 20. Ra1 g5 21. Nxd7 Qxd7
22. Qxd7 Nxd7 23. Nf5 e6 24. Ne7+ Kh8 25. Nxc6 Rc8 26. b5 Nf6 27. Ra7 Kg8 28.
Ne7+ 1-0

[Event "Titled Tue 24th Jun Early"]
[Site "chess.com INT"]
[Date "2025.06.24"]
[Round "7"]
[White "Sahetchian, Armand"]
[Black "Zaksaite, Salomeja"]
[Result "0-1"]
[WhiteTitle "CM"]
[BlackTitle "WGM"]
[WhiteElo "2024"]
[BlackElo "2133"]
[WhiteFideId "607150"]
[BlackFideId "12801496"]
[EventDate "2025.06.24"]

1. e4 Nf6 2. e5 Nd5 3. Nf3 d6 4. d4 dxe5 5. dxe5 Bf5 6. Be2 Nc6 7. a3 e6 8. O-O
Be7 9. c4 Nb6 10. Nc3 O-O 11. b3 Qxd1 12. Rxd1 Bc2 13. Re1 Bxb3 14. Nb5 Bxc4 15.
Nxc7 Rac8 16. Nb5 Bxe2 17. Rxe2 a6 18. Nd6 Bxd6 19. exd6 Rfd8 20. Bf4 Nd5 21.
Bg3 b5 22. Rc1 Nd4 23. Ree1 Rxc1 0-1

[Event "Titled Tue 24th Jun Early"]
[Site "chess.com INT"]
[Date "2025.06.24"]
[Round "7"]
[White "Nakonechnyi, Oleksii"]
[Black "Donchenko, Alexander"]
[Result "0-1"]
[WhiteTitle "CM"]
[BlackTitle "GM"]
[WhiteElo "2222"]
[BlackElo "2613"]
[WhiteFideId "34173714"]
[BlackFideId "24603295"]
[EventDate "2025.06.24"]

1. e4 c5 2. Nf3 d6 3. c3 Nf6 4. h3 g6 5. Bd3 Bg7 6. Bc2 e5 7. O-O Nc6 8. d4 O-O
9. d5 Ne7 10. c4 Ne8 11. Nc3 a6 12. Bg5 h6 13. Be3 f5 14. exf5 gxf5 15. Qe2 Ng6
16. Bd2 e4 17. Nh2 Qh4 18. f4 Bd7 19. Be3 Bd4 20. Kh1 Nf6 21. Rad1 Nh5 22. Kg1
Ngxf4 23. Qd2 Nxh3+ 24. gxh3 Qg3+ 25. Kh1 Bxe3 26. Qe2 Nf4 27. Rxf4 Qxf4 28. Rf1
Qg3 29. Nd1 Bd4 30. Nf2 Kh7 31. Nxe4 fxe4 32. Qxe4+ Bf5 33. Qe7+ Kh8 34. Bxf5
Rxf5 0-1

[Event "Titled Tue 24th Jun Early"]
[Site "chess.com INT"]
[Date "2025.06.24"]
[Round "7"]
[White "Birkisson, Bjorn Holm"]
[Black "Aarav Sinha"]
[Result "0-1"]
[WhiteTitle "CM"]
[BlackTitle "FM"]
[WhiteElo "2128"]
[BlackElo "2255"]
[WhiteFideId "2310600"]
[BlackFideId "25674064"]
[EventDate "2025.06.24"]

1. e4 c5 2. Nf3 d6 3. Bb5+ Bd7 4. Bxd7+ Qxd7 5. c4 Nf6 6. Nc3 Nc6 7. d4 cxd4 8.
Nxd4 g6 9. f3 Bg7 10. Be3 O-O 11. O-O Rfc8 12. b3 Qd8 13. Rc1 Qa5 14. Qd2 a6 15.
Nxc6 bxc6 16. Rcd1 Nd7 17. Ne2 Qxd2 18. Rxd2 a5 19. Bd4 a4 20. Bxg7 Kxg7 21. b4
a3 22. Rb1 Ne5 23. c5 dxc5 24. bxc5 Rd8 25. Rxd8 Rxd8 26. f4 Rd2 27. fxe5 Rxe2
28. Rb6 Rxa2 29. Rxc6 Rb2 30. Ra6 a2 31. c6 Rb1+ 32. Kf2 a1=Q 33. Rxa1 Rxa1 34.
c7 Rc1 35. e6 Rxc7 0-1

[Event "Titled Tue 24th Jun Early"]
[Site "chess.com INT"]
[Date "2025.06.24"]
[Round "7"]
[White "Mafra, Kaiser Luiz"]
[Black "Bratovic, Blaz"]
[Result "0-1"]
[WhiteTitle "CM"]
[BlackTitle "IM"]
[WhiteElo "2076"]
[BlackElo "2319"]
[WhiteFideId "2106698"]
[BlackFideId "14603551"]
[EventDate "2025.06.24"]

1. e4 c5 2. d4 cxd4 3. c3 d5 4. Qxd4 Nf6 5. e5 Nc6 6. Bb5 Nd7 7. Bxc6 bxc6 8.
Nf3 Ba6 9. e6 fxe6 10. Ng5 e5 11. Qg4 Qb6 12. Nxh7 O-O-O 13. Ng5 Kb8 14. Nf7 Nf6
15. Qg3 Qb5 16. Qxe5+ Rd6 17. Nxh8 Ng4 18. a4 Qd3 0-1

[Event "Titled Tue 24th Jun Early"]
[Site "chess.com INT"]
[Date "2025.06.24"]
[Round "7"]
[White "Szczepanek, Radoslaw"]
[Black "Vandan Alankar Sawai"]
[Result "0-1"]
[WhiteTitle "CM"]
[BlackTitle "CM"]
[WhiteElo "2197"]
[BlackElo "1955"]
[WhiteFideId "1120395"]
[BlackFideId "25973096"]
[EventDate "2025.06.24"]

1. e4 e6 2. d4 d5 3. Nc3 Nf6 4. e5 Nfd7 5. f4 c5 6. Nf3 Nc6 7. Be3 Be7 8. Qd2
O-O 9. dxc5 Qa5 10. O-O-O b6 11. Bb5 Nb4 12. a3 bxc5 13. Bxd7 Bxd7 14. Kb1 Rab8
15. axb4 Qxb4 16. b3 c4 17. Na2 Qa3 18. Qc1 Qa6 19. Ka1 cxb3 20. cxb3 Rxb3 21.
Qc7 Ra3 22. Rd2 Bb4 23. Rb2 Bc3 24. Rb1 Rxa2# 0-1

[Event "Titled Tue 24th Jun Early"]
[Site "chess.com INT"]
[Date "2025.06.24"]
[Round "7"]
[White "Gustafsson, Jan"]
[Black "Logozar, Elijah"]
[Result "1-0"]
[WhiteTitle "GM"]
[WhiteElo "2591"]
[BlackElo "1928"]
[WhiteFideId "4625498"]
[BlackFideId "30963788"]
[EventDate "2025.06.24"]

1. Nf3 c5 2. c4 Nf6 3. b3 g6 4. Bb2 Bg7 5. g3 b6 6. Bg2 Bb7 7. O-O O-O 8. d4
cxd4 9. Qxd4 Nc6 10. Qh4 d6 11. Rd1 Rc8 12. Nc3 a6 13. Rac1 Re8 14. Nd5 Nxd5 15.
Bxg7 Kxg7 16. cxd5 Nb8 17. Rxc8 Bxc8 18. Rc1 Bb7 19. Nd4 e5 20. dxe6 Qxh4 21.
gxh4 Bxg2 22. exf7 Kxf7 23. Kxg2 Re4 24. Rc7+ Kf6 25. e3 b5 26. Rxh7 Re5 27. Rb7
Re8 28. b4 Ke5 29. Rxb8 1-0

[Event "Titled Tue 24th Jun Early"]
[Site "chess.com INT"]
[Date "2025.06.24"]
[Round "7"]
[White "Avalos Parra, Joao"]
[Black "Shangin, Lev"]
[Result "0-1"]
[WhiteTitle "FM"]
[WhiteElo "2150"]
[BlackElo "2169"]
[WhiteFideId "3402541"]
[BlackFideId "55681085"]
[EventDate "2025.06.24"]

1. d4 Nf6 2. c4 e6 3. Nc3 Bb4 4. e3 d5 5. a3 Be7 6. Nf3 O-O 7. Bd3 a6 8. O-O
dxc4 9. Bxc4 b5 10. Bd3 Bb7 11. b4 Nbd7 12. Bb2 c6 13. e4 a5 14. Qb3 Nb6 15.
Rfd1 Qb8 16. Ne5 Bd6 17. f4 Nfd7 18. Rac1 f6 19. Qxe6+ Kh8 20. Nxd7 Nxd7 21.
Qxd7 Bxf4 22. Rc2 Bxh2+ 23. Kh1 Bc8 24. Qxc6 Qg3 25. Qc5 Bg4 26. Ne2 Qh4 27. Qd5
Bf4+ 28. Kg1 Be3+ 0-1

[Event "Titled Tue 24th Jun Early"]
[Site "chess.com INT"]
[Date "2025.06.24"]
[Round "7"]
[White "Oppezzo, Sebastian"]
[Black "Ocampos, Ian"]
[Result "1-0"]
[WhiteElo "2177"]
[BlackElo "2216"]
[WhiteFideId "112321"]
[BlackFideId "117544"]
[EventDate "2025.06.24"]

1. d4 Nf6 2. c4 c5 3. Nf3 cxd4 4. Nxd4 e6 5. g3 Nc6 6. Bg2 d5 7. cxd5 exd5 8.
O-O Bc5 9. Nb3 Bb6 10. Nc3 Be6 11. Na4 h6 12. Nxb6 axb6 13. Be3 O-O 14. h3 Ra6
15. a3 Qd7 16. Kh2 Rd8 17. Nd4 Ne4 18. Rc1 Ne5 19. Bxe4 dxe4 20. Nxe6 fxe6 21.
Qc2 Qa4 22. Qc7 Nf7 23. Bxb6 Rd2 24. Qc8+ Kh7 25. Qxe6 Rxb2 26. Qf5+ 1-0

[Event "Titled Tue 24th Jun Early"]
[Site "chess.com INT"]
[Date "2025.06.24"]
[Round "7"]
[White "Andreikin, Dmitry"]
[Black "Naroditsky, Daniel"]
[Result "1-0"]
[WhiteTitle "GM"]
[BlackTitle "GM"]
[WhiteElo "2695"]
[BlackElo "2619"]
[WhiteFideId "4158814"]
[BlackFideId "2026961"]
[EventDate "2025.06.24"]

1. e4 c5 2. Nf3 g6 3. c4 Bg7 4. d4 cxd4 5. Nxd4 Nc6 6. Be3 Qb6 7. Nb3 Qd8 8. Nd4
Qb6 9. Nb3 Qd8 10. Qd2 Nf6 11. Nc3 Ng4 12. Bf4 d6 13. Be2 O-O 14. O-O Nge5 15.
Rac1 Be6 16. Nd5 a5 17. Be3 a4 18. Nd4 Bd7 19. Nb5 Be6 20. Ndc7 Rc8 21. Nxe6
fxe6 22. f4 Nf7 23. Bg4 Qd7 24. Bh3 Nfd8 25. e5 Nf7 26. Rfd1 Kh8 27. g3 Rcd8 28.
Bb6 Qc8 29. Bxd8 Rxd8 30. exd6 Nxd6 31. Qe2 Qb8 32. Bxe6 Nxb5 33. Rxd8+ Qxd8 34.
cxb5 Nd4 35. Qe4 Nxe6 36. Qxe6 1-0

[Event "Titled Tue 24th Jun Early"]
[Site "chess.com INT"]
[Date "2025.06.24"]
[Round "7"]
[White "Mostertman, Milan"]
[Black "Watanabe, Akira"]
[Result "1-0"]
[WhiteTitle "FM"]
[BlackTitle "FM"]
[WhiteElo "2231"]
[BlackElo "2284"]
[WhiteFideId "1025848"]
[BlackFideId "7000227"]
[EventDate "2025.06.24"]

1. c4 Nf6 2. g3 g6 3. Bg2 Bg7 4. Nf3 O-O 5. O-O d6 6. d3 e5 7. Nc3 Nc6 8. Rb1 a5
9. a3 h6 10. b4 axb4 11. axb4 Nh5 12. Nd5 Ne7 13. Nd2 f5 14. Bb2 Nxd5 15. cxd5
f4 16. Ne4 g5 17. Rc1 Rf7 18. b5 b6 19. d4 g4 20. dxe5 dxe5 21. d6 Ra2 22. dxc7
Qf8 23. Qb3 Rxb2 24. Qxb2 f3 25. exf3 gxf3 26. Bh1 Nf4 27. gxf4 Rxf4 28. Ng3 h5
29. Rfd1 h4 30. Rd8 1-0